000
00184 a2200097 4500
020
_a
076714007994
041
_a
eng
100
_a
Flynn, Vince
245
_a
Executive Power
942
_c
BK
999
_c
30012
_d
30010